000 00916cam a2200265 i 4500
999 _c3930
_d3930
001 18470
003 BD-DhUAP
005 20200315144457.0
008 200315s1979 nyuaf b 001 0 eng
020 _a0393044874
020 _a0393090833 (pbk.)
040 _aDLC
_cDLC
_dBD-DhUAP
_bEng
082 0 0 _223
_a821.7 BLA
245 1 0 _aBlake's poetry and designs :
_bauthoritative texts, illuminations in color and monochrome, related prose, criticism /
_cEdited by Mary Lynn Johnson and John E. Grant.
250 _a1st ed.
260 _aNew York :
_bNorton & company,
_cc1979.
300 _axlviii, 618 pages :
_billustrations ;
_c22 cm.
490 0 _aA Norton critical edition.
504 _aIncludes bibliographies and index.
600 1 0 _aBlake, William,
_d1757-1827.
650 _aEnglish poetry
_vCriticism and interpretation.
700 1 _aJohnson, Mary Lynn.
700 1 _aGrant, John E.
942 _2ddc
_cBK